| 000 | 00566nam a22001337a 4500 | ||
|---|---|---|---|
| 020 | _a0-590-56872-8 | ||
| 082 |
_a823 _bMIL/S |
||
| 100 | _aMILLER, MARVIN | ||
| 245 | _aSCENE OF THE CRIME | ||
| 260 |
_aUSA _bSCHOLASTIC INC _c1996 |
||
| 300 | _a86 | ||
| 520 | _aA young man about to get married earns extra cash by driving a local mobster, but things go awry when the mobster is killed by a rival crime boss. A young man about to get married earns extra cash by driving a local mobster, but things go awry when the mobster is killed by a rival crime boss. | ||
| 942 | _cBK | ||
| 999 |
_c6207 _d6207 |
||